000 00716nam a2200253Ia 4500
003 OSt
005 20220918164849.0
006 a|||||r|||| 00| 0
007 ta
008 220917b |||||||| |||| 00| 0 eng d
020 _a0803238517
024 _a33,464
037 _cTextual
040 _aARTS
_cARTS
_beng
041 _2eng
_aeng
082 _aO111,2J64:g, L9
100 _aRoberts J A
_921314
245 0 _aShakespeare's English comedy
_b The merry wives of Windsor in context
260 _aLincoln
_bLincoln Univ of Nebraska
_c1979
300 _axvii, 169p.
_ccm.
650 _aENGLISH LITERATURE
942 _hO111,2J64:g, L9
_cTEXL
_2CC
999 _c127071
_d127071